Bezpečnosť práce v praxi dvojmesačník
Na minha lista:
| Formato: | Periódico |
|---|---|
| Idioma: | eslovaco |
| Publicado em: |
Bratislava
Wolters Kluwer SR
|
| Assuntos: | |
| Tags: |
Sem tags, seja o primeiro a adicionar uma tag!
|
MARC
| LEADER | 00000nas1a2200000 4500 | ||
|---|---|---|---|
| 001 | 0306531 | ||
| 005 | 20260316150553.2 | ||
| 022 | |a 1338-6417 | ||
| 022 | |a 2730-0382 | ||
| 041 | 0 | |a slo | |
| 044 | |a SK | ||
| 245 | 1 | 0 | |a Bezpečnosť práce v praxi |b dvojmesačník |
| 264 | 1 | |a Bratislava |b Wolters Kluwer SR | |
| 500 | |a Od roku 2026 roku zmena periodicity s podnázovm: dvojmesačník | ||
| 610 | 2 | 0 | |a bezpečnosť práce |
| 610 | 2 | 0 | |a prostredie pracovné |
| 610 | 2 | 0 | |a zamestnanci |
| 610 | 2 | 0 | |a zamestnávatelia |
| 610 | 2 | 0 | |a predpisy pracovnoprávne |